000 03300nab a2200289 i 4500
003 BR-BrBNA
005 20230831085301.0
008 230502b2018 bl.ar|pooa||| 00| 0 eng |
040 _aBR-BrBNA
_beng
072 _aH60
100 _aDuus, J.
100 _aKruse, N.D.
100 _aStreibig, J.C.
245 _aEffect of mesotrione and nicosulfuron mixtures with or without adjuvants
500 _aPublicação on-line; 29 ref.; 7 illus.; Summaries (En, Pt)
520 _a ABSTRACT - In Field experiments, a logarithmic sprayer was used to screen the efficacy of 28.5% mixture of nicosulfuron and mesotrione, and the herbicides applied separately. Three adjuvants were also used to assess how they affected the potency of the mixture. The objectives were to test whether a mixture was enhancing or detracting the effect relative to ADM (Additive Dose Model). The test plants were canola and barley. The 28.5% nicosulfuron mixture was acting antagonistic, irrespective of plant species. The antagonistic effect of the nicosulfuron mixture decreased the more developed the plants became; for barley, it almost disappeared 40 days after treatment. For both canola and barley, one adjuvant stood out as being highly effective in decreasing ED50 of the mixture. Antagonism was not alarmingly high, which is found for many herbicides. Results are discussed in relation to the practice of testing mixtures in the literature and the requirements for getting mixture patents. Keywords: mixture models, Additive Dose Model (ADM), Multiplicative Survival Model (MSM), adjuvant effect.
520 _a RESUMO - Um pulverizador logarítmico foi utilizado para avaliar a eficácia da mistura de 28,5% de nicosulfuron e mesotrione, além da aplicação isolada de cada herbicida. O objetivo deste trabalho foi testar se a mistura é sinérgica ou antagônica, através do modelo ADM (Modelo Aditivo de Dose). As espécies usadas no estudo foram canola e cevada. A mistura de 28,5% de nicosulfuron agiu como antagonista, independentemente das espécies testadas. O efeito antagonista da mistura de nicosulfuron reduziu-se à medida que as plantas se desenvolviam; na cevada, o efeito quase desapareceu 40 dias após o tratamento. Tanto para a canola como para a cevada, um dos adjuvantes destacou-se como altamente eficaz na redução da ED50 da mistura herbicida. Ficou demonstrado que o antagonismo não é alarmantemente alto, o que está de acordo com o observado em muitos herbicidas. Os resultados são discutidos em relação à prática de ensaios de misturas na literatura e aos requisitos para obter patentes de mistura. Palavras-chave: modelos para testar misturas, modelo aditivo de dose (ADM), modelo multiplicativo de sobrevivência (MSM), efeito de adjuvantes.
650 _aHERBICIDA
650 _aMISTURA
650 _aADITIVO
650 _aANTAGONISMO
650 _aSINERGISMO
773 0 _0886
_91815
_dLondrina-PR : Sociedade Brasileira da Ciência das Plantas Daninhas, 1978
_o2023-031022
_tPlanta Daninha (Brazil)
_x0100-8358; 1806-9681 (on-line)
_gv. 36 p. 1-11; (2018)
_wBR2023000120
856 _uhttps://www.scielo.br/j/pd/a/nLRtDLrDgDJLj9SYKYtphPk/?format=pdf&lang=en
942 _cAnalítica
999 _c9009
_d9009